• 首页
  • 本馆介绍
  • 公告通知
  • 最新文献
  • 馆藏检索
  • 电子资源
  • 读者导购
  • 参考咨询
  • 我的图书馆
  • 登录
  • 详细信息显示
  • 放入我的书架
  • 预约/预借图书
  • 作者相关作品
  • 分类相关作品
  • 丛书相关作品
  • 出版社相关作品

书目信息

  • 表格格式
  • 工作单格式
  • 卡片格式
题名:
画家三昧
    
 
作者: 竹禅 著
分册:  
出版信息: 北京   北京市中国书店  1983
页数: 一册
开本: 21cm
丛书名:
单 册:
中图分类: J221.8
科图分类:
主题词: 技法(美术)-中国画 , 绘画--中国 , 中国画-技法(美术)
电子资源:
ISBN:
000 00685nam0 2200253 45
001 0183010375
005 20060414094615.71
010    @dCNY2.10
100    @a19950320d1983 em y0chiy0121 ea
101 0  @achi
102    @aCN@b110000
105    @aa z 000yy
200 10 @a画家三昧@Ahua jia san mei@f(清)竹禅著@F(qing)zhu chan zhu
205    @b影印本
210    @a北京@c北京市中国书店@d1983
215    @a一册@c图@d21cm
606    @a技法(美术)-中国画
606 0  @a绘画@x中国
606    @a中国画-技法(美术)
690    @aJ221.8@v3
701  0 @a竹禅@Azhu chan@4著
801  2 @aCN@bNLC@c20060414
801  0 @aCN@b上海图书馆@c20040518
905    @f1@b208879@f1@b169094@dJ221.8@e105
    
    画家三昧/(清)竹禅著.-影印本.-北京:北京市中国书店,1983
    一册:图;21cm
    
    
    ISBN :CNY2.10
    
●
相关链接 在E读中查询图书 在五车中查询图书 在当当中查询图书 在豆瓣中查询图书


正题名:画家三昧     索取号:J221.8/105         预约/预借

序号 登录号 条形码 馆藏地/架位号 状态 备注
1 0169094   000793813   第一借阅区/ [索取号:J221.8/105] 在馆    
2 0169095   202258608   密集书库/ [索取号:J221.8/105] 在馆    
3 0208879   000793840   第一样本阅览室/ [索取号:J221.8/105] 在馆    
唐山师范学院图书馆 欢迎您!
大连网信软件有限公司© 版权所有